| 000 | 00671nam a22001577a 4500 | ||
|---|---|---|---|
| 003 | OSt | ||
| 005 | 20151108135638.0 | ||
| 008 | 151108b xxu||||| |||| 00| 0 eng d | ||
| 040 | _cRUA | ||
| 082 | _aFOR VUN 2004 B129 Or.1 | ||
| 100 |
_93478 _aVUNG, PHLEK. |
||
| 245 | _aEffectiveness of charcoal production using karve kiln in leaybo commune tramkak district takeo province, ប្រសិទ្ធភាពនៃការផលិតធ្យូងដោយឡកាវ៉េ នៅឃុំលាយបូឬ ស្រុកត្រាំកក់ ខេត្តតាកែវ | ||
| 260 |
_aPhnom Penh _bRUA _c2004 |
||
| 300 |
_a42p. _bill. _c29cm. |
||
| 942 |
_2ddc _cFOR |
||
| 999 |
_c3244 _d3244 |
||